000
00256nam a2200121Ia 4500
008
190216s9999||||xx |||||||||||||| ||und||
100
_a
Anand J
245
0
_a
Aal Kootam
260
_b
C I C C Book House
300
_a
420p
650
_a
Novel
942
_c
BK
999
_c
25292
_d
25292